Leading Causes of Death in the U.S. - Statistics

General Stats
  • This quiz has been taken 40 times
  • The average score is 6 of 10
Answer Stats
# Deaths Cause % Correct
595,930 Cancer
95%
146,571 Accidents/Unintentional Injuries
85%
44,193 Suicide/Intentional Self-Harm
85%
633,842 Heart Disease
74%
140,323 Stroke/Cerebrovascular Diseases
72%
57,062 Influenza/Pneumonia
59%
79,535 Diabetes
44%
110,561 Alzheimer's Disease
28%
49,959 Nephritis, Nephrotic Syndrome, and Nephrosis
26%
155,051 Chronic Lower Respiratory Diseases
15%
No matching quizzes found
Score Distribution
Percent of People with Each Score
Percentile by Number Answered
Your Score History
You have not taken this quiz